| 000 | 00988nam a2200289 i 4500 | ||
|---|---|---|---|
| 001 | 42413 | ||
| 003 | RjUL | ||
| 005 | 20211209053534.0 | ||
| 008 | 160612r19651954nyu b 001 0 eng d | ||
| 035 | _a(RjUL) | ||
| 040 |
_aABC _cABC _dOCL _dEQO _d(BDRjUL) _beng |
||
| 041 | _aeng | ||
| 082 |
_223 _a330 _bBUF 1954 |
||
| 090 |
_aHB171 _b.B87 1965 |
||
| 100 | 1 |
_aBurns, Arthur F. _q(Arthur Frank), _d1904-1987. _9130458 |
|
| 245 | 1 | 4 |
_aThe frontiers of economic knowledge : _bessays / _cby Arthur F. Burns |
| 260 |
_aNew York : _bWiley, _c1965, c1954 |
||
| 300 |
_aix, 367 p. ; _c22 cm. |
||
| 490 | 1 | _aScience editions | |
| 490 | 1 | _aGeneral series -- National Brueau of Economic Research ; no. 57 | |
| 504 | _aIncludes bibliographical references and index | ||
| 650 | 0 |
_aEconomics _9130459 |
|
| 651 | 0 |
_aUnited States _xEconomic policy _9130460 |
|
| 830 | 0 |
_aScience editions _9130461 |
|
| 830 | 0 |
_aGeneral series (National Bureau of Economic Research) ; _vno. 57 _9130462 |
|
| 942 |
_2ddc _cBK |
||
| 999 |
_c42413 _d42413 |
||